Представление документа в формате RUSMARC

ПолеНазваниеЗначение
  Тип записи c
  Библиографический уровень m
001 Контрольный номер RU/IS/BASE/687546383
005 Дата корректировки 20240130235023.7
013 Номер (ISMN) __
a Номер (ISMN) 979-0-66006-244-9
d Цена 231 р.
071 Издательские номер (звукозапись и ноты) 21
a Номер, присвоенный агентством 17185
100 Данные общей обработки __
a Данные общей обработки 20211015d2014 u y0rusy0189||||ca
101 Язык документа 0_
a Язык текста rus
a Язык текста eng
f Язык титульного листа rus
f Язык титульного листа eng
102 Страна публикации __
a Страна публикации RU
105 Кодированные данные (монография) __
a Кодированные данные (монография) y###||||000|y
125 Кодированные данные звукозаписи и нотных изданий __
a Форма изложения нотного текста с|
128 Кодированные данные (звукозаписи-физические характеристики) __
a Кодированные данные: Музыкальная форма и тональность или лад zz
c Инструменты или голоса, рекомендуемые для солистов (устаревшее) ka||
200 Заглавие и сведения об ответственности 1_
a Заглавие [Вып.] 1
b Общее обозначение материала Ноты
f Первые сведения об ответственности сост. В. Самарин
z Язык параллельного заглавия eng
210 Выходные данные 1_
d Дата издания cop. 2014
215 Физическое описание __
a Объем 40 с.
327 Примечание о содержании 11
a Примечание о содержании Содерж. : Бах И. С. Токката ре минор. - Бах И. С.-Гуно Ш. Ave Maria. - Гендель Г. Ф. Ария из оперы "Ринальдо" ; Dignare : ария из кантаты "Dettingen Te Deum". - Гайдн И. Симфония № 94 "С ударом литавр" : 2 ч. - Моцарт В. А. Маленькая ночная серенада : 2 ч. - Флис Б. Колыбельная. - Бетховен Л. ван. Симфония № 5 : 1 и 2 ч. ; Симфония № 7 : 2 ч. - Элгар Э. Привет любви. - Вагнер Р. Антракт из оперы "Лоэнгрин". - Мендельсон Ф. Весенняя песня ; Ноктюрн из музыки к комедии У. Шекспира "Сон в летнюю ночь". - Лист Ф. Грезы любви. - Шопен Ф. Этюд ; Вальс. - Альбенис И. Астурия. - Форе Г. Пробуждение. - Бизе Ж. Мелодрама из оперы "Кармен". - Брамс И. Симфония № 3 : 3 ч. - Дебюсси К. Лунный свет из "Бергамасской сюиты". - Глинка М. Разлука : ноктюрн. - Чайковский П. Симфония № 1 "Зимние грезы" : 2 ч. ; Вступление из оперы "Евгений Онегин" ; Концерт № 1 для фортепиано с оркестром : 1 ч. - Бородин А. Улетай на крыльях ветра из оперы "Князь Игорь". - Римский-Корсаков Н. Шехеразада : симф. сюита : 3 ч. - Мусоргский М. Вступление из оперы "Борис Годунов" ; Старый замок из цикла "Картинки с выставки". - Калинников В. Симфония № 1 : 3 ч. - Рахманинов С. Концерт № 2 для фортепиано с оркестром : 1 ч. ; Прелюдия.
461 Уровень набора _0
1 001RU/IS/BASE/687545555
1 200
a Любимые мелодии
b Ноты
d Favourite Tunes
e легкие перелож. для фп.
z eng
v [Вып.] 1
1 210
a М.
c Музыка
d cop. 2014 -
464 Аналитический уровень _0
1 2001
a Токката ре минор
1 700 1
a Бах
b И. С.
464 Аналитический уровень _0
1 2001
a Ave Maria
1 700 1
a Бах
b И. С.
1 701 1
a Гуно
b Ш.
464 Аналитический уровень _0
1 2001
a Ария
e из оперы "Ринальдо"
1 700 1
a Гендель
b Г. Ф.
1 50010
a Ринальдо
464 Аналитический уровень _0
1 2001
a Симфония № 94 "С ударом литавр"
e 2 ч.
1 700 1
a Гайдн
b И.
1 50010
a С ударом литавр
464 Аналитический уровень _0
1 2001
a Маленькая ночная серенада
e 2 ч.
1 700 1
a Моцарт
b В. А.
464 Аналитический уровень _0
1 2001
a Колыбельная
1 700 1
a Флис
b Б.
464 Аналитический уровень _0
1 2001
a Симфония № 5
e 1 и 2 ч.
1 700 1
a Бетховен
b Л. ван
464 Аналитический уровень _0
1 2001
a Привет любви
1 700 1
a Элгар
b Э.
464 Аналитический уровень _0
1 2001
a Антракт
e из оперы "Лоэнгрин"
1 700 1
a Вагнер
b Р.
1 50010
a Лоэнгрин
464 Аналитический уровень _0
1 2001
a Весенняя песня
1 700 1
a Мендельсон
b Ф.
464 Аналитический уровень _0
1 2001
a Грезы любви
1 700 1
a Лист
b Ф.
464 Аналитический уровень _0
1 2001
a Этюд
e Op. 10 № 3
1 700 1
a Шопен
b Ф.
464 Аналитический уровень _0
1 2001
a Астурия
1 700 1
a Альбенис
b И.
464 Аналитический уровень _0
1 2001
a Пробуждение
1 700 1
a Форе
b Г.
464 Аналитический уровень _0
1 2001
a Мелодрама
e из оперы "Кармен"
1 700 1
a Бизе
b Ж.
1 50010
a Кармен
464 Аналитический уровень _0
1 2001
a Симфония № 3
e 3 ч.
1 700 1
a Брамс
b И.
464 Аналитический уровень _0
1 2001
a Лунный свет
e из "Бергамасской сюиты"
1 700 1
a Дебюсси
b К.
1 50010
a Бергамасская сюита
464 Аналитический уровень _0
1 2001
a Разлука
e ноктюрн
1 700 1
a Глинка
b М.
464 Аналитический уровень _0
1 2001
a Симфония № 1 "Зимние грезы"
e 2 ч.
1 700 1
a Чайковский
b П.
1 50010
a Зимние грезы
464 Аналитический уровень _0
1 2001
a Улетай на крыльях ветра
e из оперы "Князь Игорь"
1 700 1
a Бородин
b А.
1 50010
a Князь Игорь
464 Аналитический уровень _0
1 2001
a Шехеразада
e симф. сюита
e 3 ч.
1 700 1
a Римский-Корсаков
b Н.
464 Аналитический уровень _0
1 2001
a Вступление
e из оперы "Борис Годунов"
1 700 1
a Мусоргский
b М.
1 50010
a Борис Годунов
464 Аналитический уровень _0
1 2001
a Симфония № 1
e 3 ч.
1 700 1
a Калинников
b В.
464 Аналитический уровень _0
1 2001
a Концерт № 2
e для фп. с оркестром
e 1 ч.
1 700 1
a Рахманинов
b С.
464 Аналитический уровень _0
1 2001
a Dignare
e ария из кантаты "Dettingen Te Deum"
1 700 1
a Гендель
b Г. Ф.
1 50010
a Dettingen Te Deum
464 Аналитический уровень _0
1 2001
a Симфония № 7
e 2 ч.
1 700 1
a Бетховен
b Л. ван
464 Аналитический уровень _0
1 2001
a Ноктюрн
e из муз. к комедии У. Шекспира "Сон в летнюю ночь"
1 700 1
a Мендельсон
b Ф.
1 50010
a Сон в летнюю ночь
464 Аналитический уровень _0
1 2001
a Вальс
e Op. 69 № 1
1 700 1
a Шопен
b Ф.
464 Аналитический уровень _0
1 2001
a Вступление
e из оперы "Евгений Онегин"
1 700 1
a Чайковский
b П.
1 50010
a Евгений Онегин
464 Аналитический уровень _0
1 2001
a Концерт № 1
e для фп. с оркестром
e 1 ч.
1 700 1
a Чайковский
b П.
464 Аналитический уровень _0
1 2001
a Старый замок
e из цикла "Картинки с выставки"
1 700 1
a Мусоргский
b М.
1 50010
a Картинки с выставки
464 Аналитический уровень _0
1 2001
a Прелюдия
1 700 1
a Рахманинов
b С.
512 Заглавие обложки 1_
a Заглавие обложки Любимые мелодии
517 Другие варианты заглавия 1_
a Другие варианты заглавия Favourite Tunes
606 Тематические рубрики 0_
a Основная рубрика Фортепианная музыка
x Основная подрубрика Избранные произведения
x Основная подрубрика Переложения
610 Ключевые слова 0_
a Ключевые слова фортепиано
610 Ключевые слова 0_
a Ключевые слова переложения
610 Ключевые слова 0_
a Ключевые слова избранные произведения
686 Индексы других классификаций __
a Классификационный индекс 85.954.2-09я43
2 Код системы rubbk
702 Вторичная интеллектуальная ответственность _1
a Фамилия Самарин
b Имя (инициалы) В. А.
4 Код отношения 220
801 Источник записи _0
a Страна RU
b Организация Ульяновская ОНБ
c Дата составления 20211014
g Правила каталогизации RCR
801 Источник записи _1
a Страна RU
b Организация Ульяновская ОНБ
c Дата составления 20211014
g Правила каталогизации RCR
901 Тип документа __
t Тип документа n
w Контрольный № источника RU/IS/BASE/687545555
909 Создатель записи __
a Создатель записи Грязнова И. Е.
938 Служебная информация __
a Имя БД noti
b Имя библиотеки УОНБ
c Имя АИБС МАРК-SQL
d Номер DOC_ID в БД 24688